| 000 | 00706nam a22002057a 4500 | ||
|---|---|---|---|
| 999 |
_c12130 _d12130 |
||
| 003 | AR-CdUCM | ||
| 008 | 190405b ||||| |||| 00| 0 spa d | ||
| 040 |
_aMUNICIPALIDAD PROVINCIAL DEL CUSCO _cBIBLIOTECA MUNICIPAL DEL CUSCO |
||
| 082 |
_a301.04 / _bC26 / 1920 |
||
| 100 |
_aBevilaqua, Clovis _929822 |
||
| 245 |
_aEnsaios de sociología : _b(Com uma notabilisima apresentacao do eminente Mestre) / |
||
| 260 |
_aRio de Janeiro : _bAnnaes, _c1920. |
||
| 300 |
_a393 páginas ; _c23 cm. |
||
| 505 | _aContenido : El texto esta en el idioma portugués ... | ||
| 650 |
_aSociología _9276 |
||
| 650 |
_aSociedad _953 |
||
| 650 |
_aBrasileña _929823 |
||
| 942 |
_2ddc _cLIBROS |
||
| 945 |
_arah _d05/04/2019 |
||